000 00727cam a2200217 4500500
005 20260405003847.0
041 _afre
042 _adc
100 1 0 _aDegiovanni, Clara
_eauthor
245 0 0 _aAnne Muxel : “Les jeunes adoptent soit un mode défensif, soit des attitudes de désinvestissement du champ politique”
260 _c2024.
500 _a3
690 _aExtrême droite
690 _aFrance
690 _aJeunesse
690 _aLégislative
690 _aPolitique
690 _aRassemblement national
786 0 _nPhilosophie magazine | 181 | 6 | 2024-07-01 | p. 23-23 | 1951-1787
856 4 1 _uhttps://shs.cairn.info/magazine-philosophie-magazine-2024-6-page-23?lang=fr&redirect-ssocas=7080
999 _c2071548
_d2071548